书目信息 |
| 题名: |
东北地区区域地层表
|
|
| 作者: | ;黑龙江省区域地层表编写组 编著 | |
| 分册: | 黑龙江省分册 | |
| 出版信息: | 北京 地质出版社 1979 |
|
| 页数: | 300页 | |
| 开本: | 26cm | |
| 丛书名: | ||
| 单 册: | ||
| 中图分类: | P563 | |
| 科图分类: | ||
| 主题词: | 地层表--东北地区 , 地层表--黑龙江 , 区域地质 | |
| 电子资源: | ||
| ISBN: | ||
| 000 | 00725nam0 2200241 45 | |
| 001 | 0179002786 | |
| 005 | 20061122142709.59 | |
| 010 | @dCNY4.00 | |
| 091 | @aCN@b15038.新312 | |
| 100 | @a19950726d1979 kemy0chiy0121 ea | |
| 101 | 0 | @achi |
| 102 | @aCN@b110000 | |
| 105 | @ay z 000yy | |
| 200 | 10 | @a东北地区区域地层表@Adong bei di qu qu yu di ceng biao@i黑龙江省分册@f黑龙江省区域地层表编写组编著 |
| 210 | @a北京@c地质出版社@d1979 | |
| 215 | @a300页@d26cm | |
| 606 | @a地层表@y东北地区 | |
| 606 | @a地层表@y黑龙江 | |
| 606 | 0 | @a区域地质 |
| 690 | @aP563@v3 | |
| 711 | 02 | @a黑龙江省区域地层表编写组@Ahei long jiang sheng qu yu di ceng biao bian xie zu@4编著 |
| 801 | 0 | @aCN@bTSSF@c20061122 |
| 905 | @a10447@dP563@e2 | |
| 东北地区区域地层表.黑龙江省分册/黑龙江省区域地层表编写组编著.-北京:地质出版社,1979 |
| 300页;26cm |
| ISBN :CNY4.00 |
| ● |
| 相关链接 |
|
|
|
|
正题名:东北地区区域地层表
索取号:P563/2
 
预约/预借
| 序号 | 登录号 | 条形码 | 馆藏地/架位号 | 状态 | 备注 |
| 1 | 0005154 | 000074234 | 第二样本阅览室/ [索取号:P563/2] | 在馆 |